Kriminalstrategie
| VerfasserInnen: | ; |
|---|---|
| Medienart: | Druck Buch |
| Sprache: | Deutsch |
| Veröffentlicht: |
Heidelberg
C.F. Müller
[2017]
|
| In: | Jahr: 2017 |
| Online-Zugang: |
Inhaltstext Inhaltsverzeichnis |
| Bestand in Tübingen: | In Tübingen vorhanden. IFK: S 56 52 |
| Verfügbarkeit prüfen: | HBZ Gateway |
| Subito Bestelldienst: | Jetzt bestellen. |
| Schlagwörter: | |
| Parallele Ausgabe: | Elektronische Reproduktion: 9783783200881 |
MARC
| LEADER | 00000cam a2200000 c 4500 | ||
|---|---|---|---|
| 001 | 1622693876 | ||
| 003 | DE-627 | ||
| 005 | 20251225202537.0 | ||
| 007 | tu | ||
| 008 | 170111s2017 gw ||||| 00| ||ger c | ||
| 015 | |a 17,N01 |2 dnb | ||
| 016 | 7 | |a 1121933920 |2 DE-101 | |
| 020 | |a 9783783200379 |c Broschur : EUR 24.99 (DE), circa EUR 27.80 (AT) |9 978-3-7832-0037-9 | ||
| 020 | |a 3783200377 |c : Broschur : circa EUR 26.99 (DE), circa EUR 27.80 (AT) |9 3-7832-0037-7 | ||
| 024 | 3 | |a 9783783200379 | |
| 024 | 8 | |a 78320037 |q Bestellnummer | |
| 028 | 5 | 2 | |a 78320037 |
| 035 | |a (DE-627)1622693876 | ||
| 035 | |a (DE-576)481620052 | ||
| 035 | |a (DE-599)DNB1121933920 | ||
| 035 | |a (OCoLC)985616204 | ||
| 035 | |a (OCoLC)985616204 | ||
| 040 | |a DE-627 |b ger |c DE-627 |e rda | ||
| 041 | |a ger | ||
| 044 | |c XA-DE-BW | ||
| 082 | 0 | |a 340 | |
| 082 | 0 | 4 | |a 340 |q DE-101 |
| 084 | |a PH 9000 |2 rvk |0 (DE-625)rvk/136529: | ||
| 084 | |a 86.41 |2 bkl | ||
| 084 | |a 86.42 |2 bkl | ||
| 100 | 1 | |a Berthel, Ralph |d 1957- |e VerfasserIn |0 (DE-588)130169110 |0 (DE-627)493440895 |0 (DE-576)185542360 |4 aut | |
| 109 | |a Berthel, Ralph 1957- | ||
| 245 | 1 | 0 | |a Kriminalstrategie |c von Ralph Berthel und Matthias Lapp |
| 264 | 1 | |a Heidelberg |b C.F. Müller |c [2017] | |
| 264 | 4 | |c © 2017 | |
| 300 | |a XII, 204 Seiten |b Illustrationen |c 19 cm x 13 cm | ||
| 336 | |a Text |b txt |2 rdacontent | ||
| 337 | |a ohne Hilfsmittel zu benutzen |b n |2 rdamedia | ||
| 338 | |a Band |b nc |2 rdacarrier | ||
| 490 | 0 | |a Grundlagen - die Schriftenreihe der "Kriminalistik" | |
| 583 | 1 | |a Archivierung/Langzeitarchivierung gewährleistet |f PEBW |x XA-DE-BW |2 pdager |5 DE-31 | |
| 689 | 0 | 0 | |d g |0 (DE-588)4011882-4 |0 (DE-627)104704861 |0 (DE-576)208896155 |a Deutschland |2 gnd |
| 689 | 0 | 1 | |d s |0 (DE-588)4033178-7 |0 (DE-627)10458503X |0 (DE-576)209000511 |a Kriminalität |2 gnd |
| 689 | 0 | 2 | |d s |0 (DE-588)4076308-0 |0 (DE-627)104364106 |0 (DE-576)209201428 |a Prävention |2 gnd |
| 689 | 0 | 3 | |d s |0 (DE-588)4125611-6 |0 (DE-627)105738867 |0 (DE-576)209578033 |a Kriminalstrategie |2 gnd |
| 689 | 0 | |5 DE-101 | |
| 700 | 1 | |8 1\p |a Lapp, Matthias |d 1961- |e VerfasserIn |0 (DE-588)1129187853 |0 (DE-627)883823748 |0 (DE-576)486249751 |4 aut | |
| 776 | 1 | |z 9783783200881 | |
| 776 | 0 | 8 | |i Elektronische Reproduktion |z 9783783200881 |
| 856 | 4 | 2 | |u https://swbplus.bsz-bw.de/bsz481620052inh.htm |m B:DE-576;DE-Frei85 |q application/pdf |v 20170428144309 |x Verlag |3 Inhaltsverzeichnis |7 1 |
| 856 | 4 | 2 | |u http://deposit.dnb.de/cgi-bin/dokserv?id=5edcb6032d184dc8961ad7c14e7569b3&prov=M&dok_var=1&dok_ext=htm |m X:MVB |q text/html |3 Inhaltstext |7 1 |
| 883 | |8 1\p |a cgwrk |d 20241001 |q DE-101 |u https://d-nb.info/provenance/plan#cgwrk | ||
| 889 | |w (DE-627)876052367 | ||
| 935 | |a mkri | ||
| 935 | |i mdedup | ||
| 936 | r | v | |a PH 9000 |b Polizeiliche Aufklärung und Polizeitaktik; Aufklärung <Kriminologie>; Kriminalistik |k Rechtswissenschaft |k Strafrecht, Strafverfahrensrecht, Kriminologie |k Kriminologie |k Strafverfahren und Strafvollzug; Empirische Bezugswissenschaften zur Kriminalrechtspflege; Forschung zu strafrechtlicher Sozialkontrolle |k Polizeiliche Aufklärung und Polizeitaktik; Aufklärung <Kriminologie>; Kriminalistik |0 (DE-627)1271966085 |0 (DE-625)rvk/136529: |0 (DE-576)201966085 |
| 936 | b | k | |a 86.41 |j Kriminologie |0 (DE-627)181572001 |
| 936 | b | k | |a 86.42 |j Strafrecht: Sonstiges |0 (DE-627)10641352X |
| 951 | |a BO | ||
| ELC | |b 1 | ||
| LOK | |0 000 xxxxxcx a22 zn 4500 | ||
| LOK | |0 001 3246938091 | ||
| LOK | |0 003 DE-627 | ||
| LOK | |0 004 1622693876 | ||
| LOK | |0 005 20170620145418 | ||
| LOK | |0 008 170331||||||||||||||||ger||||||| | ||
| LOK | |0 040 |a DE-21-110 |c DE-627 |d DE-21-110 | ||
| LOK | |0 689 |a s |a Kriminalstrategie | ||
| LOK | |0 689 |a s |a Sicherheit | ||
| LOK | |0 689 |a s |a Vorgehensweise | ||
| LOK | |0 689 |a g |a Deutschland | ||
| LOK | |0 852 |a DE-21-110 | ||
| LOK | |0 852 1 |c S 56 52 |m p |9 00 | ||
| LOK | |0 938 |a 1706 | ||
| LOK | |0 938 |k p | ||
| LOK | |0 939 |a 31-03-17 |b l01 | ||
| LOK | |0 000 xxxxxcx a22 zn 4500 | ||
| LOK | |0 001 3246938407 | ||
| LOK | |0 003 DE-627 | ||
| LOK | |0 004 1622693876 | ||
| LOK | |0 005 20170426132854 | ||
| LOK | |0 008 170111||||||||||||||||ger||||||| | ||
| LOK | |0 040 |a DE-Frei85 |c DE-627 |d DE-Frei85 | ||
| LOK | |0 852 |a DE-Frei85 | ||
| LOK | |0 852 1 |m p |9 00 | ||
| LOK | |0 938 |k p | ||
| LOK | |0 939 |a 11-01-17 |b l01 | ||
| ORI | |a SA-MARC-krimdoka001.raw | ||
| SIG | |a IFK: S 56 52 | ||
| TIM | |a 100019901003_100020261231 |b 1990-10-03 - 2026 | ||
